Central Library OPAC University of Rajshahi

Biological activities of alpha 1-fetoprotein / (Record no. 66052)

MARC details
000 -LEADER
fixed length control field 01321cam a2200277 a 4500
001 - CONTROL NUMBER
control field 66052
003 - CONTROL NUMBER IDENTIFIER
rucl marc code BD-RjUL
005 - DATE AND TIME OF LATEST TRANSACTION
control field 20211209081509.0
008 - FIXED-LENGTH DATA ELEMENTS--GENERAL INFORMATION
fixed length control field 860820m1987 flua b 101 0 eng
020 ## - INTERNATIONAL STANDARD BOOK NUMBER
International Standard Book Number 0849356377 (v. 1)
International Standard Book Number 0849356385 (v. 2)
035 ## - SYSTEM CONTROL NUMBER
System control number (BD-RjUL)66182
040 ## - CATALOGING SOURCE
Original cataloging agency DLC
Transcribing agency DLC
Modifying agency DLC
-- BD-RjUL
Language of cataloging eng
041 ## - LANGUAGE CODE
Language code of text/sound track or separate title eng
082 00 - DEWEY DECIMAL CLASSIFICATION NUMBER
Edition number 23
Classification number 599.01927
Author mark and year BIO 1987
245 10 - TITLE STATEMENT
Title Biological activities of alpha 1-fetoprotein /
Statement of responsibility, etc. editors, Gerald J. Mizejewski, Herbert I. Jacobson.
260 ## - PUBLICATION, DISTRIBUTION, ETC. (IMPRINT)
Place of publication, distribution, etc. Boca Raton, Fla. :
Name of publisher, distributor, etc. CRC Press,
Date of publication, distribution, etc. c1987
300 ## - PHYSICAL DESCRIPTION
Pagination v. :
Illustrations ill. ;
Size 26 cm.
500 ## - GENERAL NOTE
General note Vol. 1 contains reports by contributors who had participated in a satellite symposium of the VIIth International Congress of Endocrinology, entitled "Alpha-fetoprotein as a Modulator of Estrogen Response," held under the auspices of the Faculty of Medicine of Laval University in Quebec City, June 30, 1984. Abstracts of presentations made at the symposium are also included.
504 ## - BIBLIOGRAPHY, ETC. NOTE
Bibliography, etc Includes bibliographies and index.
650 #0 - SUBJECT ADDED ENTRY--TOPICAL TERM
Topical term or geographic name as entry element Alpha fetoproteins
General subdivision Physiological effect
-- Congresses.
9 (RLIN) 195373
700 1# - ADDED ENTRY--PERSONAL NAME
Personal name Mizejewski, Gerald J.
Personal name Jacobson, Herbert I.
711 2# - ADDED ENTRY--MEETING NAME
Meeting name or jurisdiction name as entry element International Congress of Endocrinology
Number of part/section/meeting (7th :
Date of meeting 1984 :
Location of meeting Québec, Québec)
9 (RLIN) 195376
942 ## - ADDED ENTRY ELEMENTS (KOHA)
Source of classification or shelving scheme Dewey Decimal Classification
Koha item type Books
Holdings
Lost status Source of classification or shelving scheme Damaged status Not for loan Collection code Permanent Location Current Location Shelving location Date acquired Source of acquisition Cost, normal purchase price Total Checkouts Full call number Date last seen Copy number Koha item type
  Dewey Decimal Classification   Not For Loan Non-fiction Central Library, University of Rajshahi Central Library, University of Rajshahi Reading Room 08/06/1992 Asia Foundation 0.00   599.01927 BIO V-1 1987 13/03/2017 C-1 Books